| 000 | 00560nam a22001697a 4500 | ||
|---|---|---|---|
| 005 | 20180810124834.0 | ||
| 010 | _aA-869532 | ||
| 020 |
_a8120909747 _c75.00 |
||
| 035 | _aA-869532 | ||
| 037 |
_aDPL _bENG |
||
| 100 | _aLuthra, H.L. | ||
| 245 |
_aGautam the Buddha : _cH.L. Luthar _bAn inspiring biography for the young readers / |
||
| 260 |
_aNew Delhi _bPitambar Publishing Company (P.) Ltd. _c1996 |
||
| 270 |
_a888, East Park Road, Karol Bagh _bNew Delhi _e110005 |
||
| 300 |
_a72p.; _c25cms. _bB&W Photos |
||
| 942 |
_2ddc _cEN _h250.31 _mLUT |
||
| 999 |
_c155744 _d155744 |
||